Historia general de la música / (Record no. 18409)

MARC details
000 -LEADER
campo de control de longitud fija 01298nam a2200313 i 4500
001 - NÚMERO DE CONTROL
campo de control 18409
003 - IDENTIFICADOR DE NÚMERO DE CONTROL
campo de control ES-MaACL
005 - FECHA Y HORA DE LA ÚLTIMA TRANSACCIÓN
campo de control 20250823100550.0
007 - CAMPO FIJO DE DESCRIPCIÓN FÍSICA--INFORMACIÓN GENERAL
campo de control de longitud fija t|
008 - DATOS DE LONGITUD FIJA--INFORMACIÓN GENERAL
campo de control de longitud fija 011227m19721993sp ||||1| spa d
020 ## - NÚMERO INTERNACIONAL ESTÁNDAR DEL LIBRO
Número Internacional Estándar del Libro 84-7090-085-4
080 ## - NÚMERO DE LA CLASIFICACIÓN DECIMAL UNIVERSAL
Número de la Clasificación Decimal Universal 78(091)
245 00 - MENCIÓN DEL TÍTULO
Título Historia general de la música /
Mención de responsabilidad, etc. Alec Robertson... [et al. ; dirigido por Alec Robertson y Denis Stevens].
260 ## - PUBLICACIÓN, DISTRIBUCIÓN, ETC.
Lugar de publicación, distribución, etc. Madrid :
Nombre del editor, distribuidor, etc. Istmo,
Fecha de publicación, distribución, etc. 1972-1993.
300 ## - DESCRIPCIÓN FÍSICA
Extensión 4 v. :
Otras características físicas il. ;
Dimensiones 18 cm.
490 1# - MENCIÓN DE SERIE
Mención de serie Fundamentos ;
Designación de volumen o secuencia 5-7, 59
500 ## - NOTA GENERAL
Nota general Indice onomástico de la obra completa en vol. 4.
505 8# - NOTA DE CONTENIDO CON FORMATO
Nota de contenido con formato Contiene: V. 1. Antiguas formas de polifonía / [traducción, María del Pilar Ganose] -- v. 2. Desde el Renacimiento hasta el Barroco / [traducción, Armando Ocano] -- v. 3. Desde el Clasicismo hasta el siglo XX / [traducción, Aníbal Froufe] -- v. 4. El siglo XX / Tomás Marco
650 #4 - PUNTO DE ACCESO ADICIONAL DE MATERIA--TÉRMINO DE MATERIA
Término de materia o nombre geográfico como elemento de entrada Música-
Subdivisión de forma Historia
9 (RLIN) 15391
700 1# - ENTRADA AGREGADA--NOMBRE PERSONAL
Nombre de persona Robertson, Alec.
9 (RLIN) 97846
700 1# - ENTRADA AGREGADA--NOMBRE PERSONAL
Nombre de persona Stevens, Denis.
9 (RLIN) 108154
700 1# - ENTRADA AGREGADA--NOMBRE PERSONAL
Nombre de persona Marco, Tomás.
9 (RLIN) 76471
700 1# - ENTRADA AGREGADA--NOMBRE PERSONAL
Nombre de persona Ganose, María del Pilar.
9 (RLIN) 53875
700 1# - ENTRADA AGREGADA--NOMBRE PERSONAL
Nombre de persona Ocano, Armando.
9 (RLIN) 86452
700 1# - ENTRADA AGREGADA--NOMBRE PERSONAL
Nombre de persona Froufe, Aníbal.
9 (RLIN) 52758
830 00 - PUNTO DE ACCESO ADICIONAL DE SERIE-TÍTULO UNIFORME
Título uniforme Fundamentos (Ediciones Istmo)
Designación de volumen o secuencia 5-7, 59
9 (RLIN) 121682
852 ## - LOCALIZACIÓN
Ubicación ES-MaACL
Número de control de estantería C-42866-9
Sublocalización o colección R.82556
Holdings
Estatus retirado Estado de pérdida Estado de daño No para préstamo Biblioteca de origen Biblioteca actual Ubicación en estantería Fecha de adquisición Fuente de adquisición Total de préstamos Signatura topográfica completa Código de barras Visto por última vez Precio de reemplazo Tipo de ítem Koha
        Biblioteca del Ateneo de Madrid Biblioteca del Ateneo de Madrid Depósito 2 17/01/2008     C-42866-9 1018834 23/02/2023 23/02/2023 Libro impreso